书目信息 |
| 题名: |
邹容传
|
|
| 作者: | 董尚 , 王晓 著 | |
| 分册: | ||
| 出版信息: | 北京 北京时代华文书局 2016 |
|
| 页数: | 11, 144页 | |
| 开本: | 23cm | |
| 丛书名: | 中国人格读库 | |
| 单 册: | ||
| 中图分类: | K827 , K827=52 | |
| 科图分类: | ||
| 主题词: | 政治人物--zheng zhi ren wu--传记--中国--近代 | |
| 电子资源: | ||
| ISBN: | 978-7-5699-0453-6 | |
| 000 | 01064nam0 22003011 450 | |
| 001 | 0120081925 | |
| 005 | 20170320081925.0 | |
| 010 | @a978-7-5699-0453-6@dCNY26.00 | |
| 100 | @a20160623d2016 ekmy0chiy50 ea | |
| 101 | 0 | @achi |
| 102 | @aCN@b110000 | |
| 105 | @aach z 000y | |
| 106 | @ar | |
| 200 | 1 | @a邹容传@9zou rong chuan@f董尚, 王晓著 |
| 210 | @a北京@c北京时代华文书局@d2016 | |
| 215 | @a11, 144页@c图, 肖像, 摹真@d23cm | |
| 225 | 2 | @a中国人格读库@9zhong guo ren ge du ku |
| 300 | @a国家新闻出版广电总局培育和践行社会主义核心价值观主题出版重点出版物 | |
| 330 | @a本书共分为:风雨如磐、革命狂生、共襄盛举;《革命军》析要;不忘沟壑几部分,主要内容包括:侵略渐深、特立独行、衰世英才、棱角峥嵘、驳《革命驳议》等。 | |
| 461 | 0 | @12001 @a中国人格读库 |
| 600 | 0 | @a邹容,@Azou rong ,@f1885-1905@x传记 |
| 606 | 0 | @a政治人物@9zheng zhi ren wu@x传记@y中国@z近代 |
| 690 | @aK827@v4 | |
| 690 | @aK827=52@v4 | |
| 701 | 0 | @a董尚@9dong shang@4著 |
| 701 | 0 | @a王晓@9wang xiao@4著 |
| 801 | 0 | @aCN@bTANGWEI@c20170308 |
| 905 | @b0954534-6@dK827@e584@f3 | |
| 邹容传/董尚, 王晓著.-北京:北京时代华文书局,2016 |
| 11, 144页:图, 肖像, 摹真;23cm.-(中国人格读库) |
| 国家新闻出版广电总局培育和践行社会主义核心价值观主题出版重点出版物 |
| ISBN 978-7-5699-0453-6:CNY26.00 |
| 本书共分为:风雨如磐、革命狂生、共襄盛举;《革命军》析要;不忘沟壑几部分,主要内容包括:侵略渐深、特立独行、衰世英才、棱角峥嵘、驳《革命驳议》等。 |
| ● |
| 相关链接 |
|
|
|
|
正题名:邹容传
索取号:K827/584
 
预约/预借
| 序号 | 登录号 | 条形码 | 馆藏地/架位号 | 状态 | 备注 |
| 1 | 0954534 | 209545349 | 第二样本阅览室/ [索取号:K827/584] | 在馆 | |
| 2 | 0954535 | 209545358 | 第二借阅区/ [索取号:K827/584] | 在馆 | |
| 3 | 0954536 | 209545367 | 第二借阅区/ [索取号:K827/584] | 在馆 |